Pays mystère #4 - Statistiques

Statistiques générales
  • Ce quiz a été pris 362 fois
    210 depuis la dernière actualisation
  • Le résultat moyen est 5 sur 5
Statistiques - réponses
Indice Pays mystère % Correct
Pays contenant du bleu dans leur drapeaux Afghanistan | Afrique du Sud | Albanie | Andorre | Antigua-et-Barbuda | Argentine | Arménie | Australie | Azerbaïdjan | Bahamas | Barbade | Belize | Birmanie | Bolivie | Bosnie-Herzégovine | Botswana | Brésil | Cap-Vert | Cambodge | Chili | Colombie | Comores | Congo | République démocratique du Congo | Corée du Nord | Corée du Sud | Costa Rica | Croatie | Cuba | Djibouti | Dominique | Équateur | Érythrée | Espagne | Estonie | Eswatini | États-Unis | Éthiopie | Fidji | Finlande | France | Gabon | Gambie | Géorgie | Grèce | Grenade | Guatemala | Guinée équatoriale | Haïti | Honduras | Inde | Irak | Irlande | Islande | Israël | Kazakhstan | Kirghizistan | Kiribati | Kosovo | Laos | Lesotho | Lettonie | Liberia | Liechtenstein | Luxembourg | Malaisie | Malawi | Maldives | Marshall | Maurice | Micronésie | Moldavie | Mongolie | Namibie | Nauru | Népal | Nicaragua | Norvège | Nouvelle-Zélande | Ouganda | Ouzbékistan | Palaos | Panama | Papouasie-Nouvelle-Guinée | Paraguay | Pays-Bas | Philippines | République centrafricaine | République dominicaine | République tchèque | Roumanie | Royaume-Uni | Russie | Rwanda | Saint-Christophe-et-Niévès | Sainte-Lucie | Saint-Vincent-et-les-Grenadines | Salomon | Salvador | Samoa | Seychelles | Sierra Leone | Slovaquie | Slovénie | Somalie | Soudan du Sud | Suède | Suriname | Tadjikistan | Taïwan | Tanzanie | Tchad | Thaïlande | Timor oriental | Tuvalu | Ukraine | Uruguay | Vanuatu | Venezuela
100%
... mais pas de rouge Argentine | Bahamas | Barbade | Botswana | Brésil | Estonie | Finlande | Gabon | Grèce | Guatemala | Honduras | Inde | Israël | Kazakhstan | Kiribati | Kosovo | Lesotho | Maldives | Marshall | Mauritanie | Micronésie | Nauru | Nicaragua | Ouzbékistan | Palaos | Rwanda | Sainte-Lucie | Saint-Vincent-et-les-Grenadines | Salvador | Sierra Leone | Somalie | Suède | Ukraine | Uruguay
98%
... se situent au sud de l'Equateur Argentine | Botswana | Brésil | Gabon | Lesotho | Nauru | Palaos | Rwanda | Saint-Vincent-et-les-Grenadines | Uruguay
97%
... commencent par la lettre B. Botswana | Brésil
96%
Il est plus grand que l'Algérie. Brésil
94%
Aucun quiz correspondant
Distribution des résultats
% des personnes avec chaque résultat
Percentile par nombre de réponses
Votre historique - résultats
Vous n’avez pas pris ce quiz depuis la dernière actualisation